| 000 | 00451nam a2200181Ia 4500 | ||
|---|---|---|---|
| 003 | GCL | ||
| 008 | 140319s9999 xx 000 0 eng d | ||
| 040 |
_aGCL / _cGCL |
||
| 082 | 0 | 4 |
_a708.47 _bSG |
| 100 | 1 | _aSPEELMAN, EDWARD | |
| 245 | 1 | 0 |
_aGUIDE TO LONDON MUSEUMS GALLERIES / _cSPEELMAN, EDWARD |
| 260 |
_a[S.N] : _bEMPIRE HOUSE ، _c1870 |
||
| 300 | _a105P. | ||
| 650 | 0 | 4 | _aMUSEUMS |
| 650 | 0 | 4 | _aLONDON |
| 650 | 0 | 4 | _aGALLERIES |
| 942 |
_2ddc _cBK |
||
| 999 |
_c11587 _d11587 |
||